Giáo trình lịch sử Việt Nam /Tap 1 / Tập 1 Từ nguyên thủy đến đầu thế kỷ X

Việt nam thời nguyên thủy,thời bắc thuộc và các cuộc đấu tranh giành độc lập dân tộc của nhân dân ta,các cuộc gia cố ở khu vực phía nam VN,những nét chính nghĩa lịch sử VN từ nguyên thủy đến bắc thuộc và chống bắc thuộc.

में बचाया:
ग्रंथसूची विवरण
मुख्य लेखक: Nguyễn Cảnh Minh
अन्य लेखक: Đinh Thị Uyên
स्वरूप: पुस्तक
भाषा:Vietnamese
प्रकाशित: H. : Đại học Sư phạm, 2008.
विषय:
टैग : टैग जोड़ें
कोई टैग नहीं, इस रिकॉर्ड को टैग करने वाले पहले व्यक्ति बनें!
Thư viện lưu trữ: Mạng thư viện Đại học Đà Nẵng
LEADER 01497nam a22003371a 4500
001 000039345
003 15640
005 20241001135727.0
008 160412s2008 000
020 |c 38000đ  |d 1000b 
040 |a LNN 
041 0 |a vie 
082 1 4 |a 959.7  |b NG-M 
100 0 |a Nguyễn Cảnh Minh 
245 1 0 |a Giáo trình lịch sử Việt Nam /Tap 1 /  |c Nguyễn Cảnh Minh chủ biên  |n Tập 1  |p Từ nguyên thủy đến đầu thế kỷ X 
260 |a H. :  |b Đại học Sư phạm,  |c 2008. 
300 |a 211tr. :  |b minh hoạ ;  |c 24cm. 
504 |a Thư mục cuối mỗi chương 
520 |a Việt nam thời nguyên thủy,thời bắc thuộc và các cuộc đấu tranh giành độc lập dân tộc của nhân dân ta,các cuộc gia cố ở khu vực phía nam VN,những nét chính nghĩa lịch sử VN từ nguyên thủy đến bắc thuộc và chống bắc thuộc. 
650 0 |a Lịch sử Việt nam 
653 0 |2 Giáo trình lịch sử Việt Nam /Tap 1 /,Nguyễn Cảnh Minh,2008 
700 1 |a Đinh Thị Uyên 
OWN |a LNN 
902 |a Tham khảo TV 
AVA |a UDN50  |b LNN  |d 959.7 NG-M  |e available  |t Error 5001 Not defined in file expand_doc_bib_avail.  |f 4  |g 0  |h N  |i 0 
999 |a From the UDN01 
AVA |a UDN50  |b LNN  |d 959.7 NG-M  |e available  |t Error 5001 Not defined in file expand_doc_bib_avail.  |f 4  |g 0  |h N  |i 0 
TYP |a Monograph 
980 |a Mạng thư viện Đại học Đà Nẵng